000 00990nam0a22002771 4500
001 RU\NLR\INFOCOMM_161\5000065472
005 20260407154556.0
035 _a(NLR Aleph) 009187736
090 _a8611222
_c8611222
100 _a20100327d1975 |||y0rusy50 ca
101 0 _aeng
102 _aRU
105 _ay ||||000|y
200 1 _aCell surface biochemistry and the specificity of pathogenesis
_f[By] Peter Albersheim, Barbara S. Valent, Anne J. Anderson-Prouty ... (U.S.A) [a. o.
_gXII Intern. bot. congr., 3-10 July, 1975
210 _aL.]
_d1975
215 _a27 с.
_d22 см
686 _aП413
_2rubbk
701 1 _aAlbersheim
_bP.
_f1934-
_gPeter
_4070
701 1 _aValent
_bB. S.
_gBarbara S.
_4070
701 1 _aAnderson-Prouty
_bA. J.
_gAnne J.
_4070
712 1 2 _4570
_8eng
_aInternational botanical congress
_d12
_f1975
_eLeningrad
_7ba
_3RU\NLR\AUTH\8810095671
_9692565
801 1 _aRU
_bNLR
_c20100327
801 0 _aRU
_bNLR
_gPSBO
852 _aNLR
_jС71 Д-6/1
942 _cBOOK
980 _aNB